La exclusin̤ social estudio comparado desde la perspectiva jurd̕ica laboral y constitucional /

Detalles Bibliográficos
Autor principal: Mateos y de Cabo, Oscar Ignacio
Formato: eBook
Lenguaje:español
Publicado: Madrid: Dykinson, 2018
Materias:
Acceso en línea:Acceso restringido

MARC

LEADER 00000nam a22000007a 4500
005 20181116214446.0
007 cr|||| ||||
008 181116s2018 es |||||s|||| 00||0 spa d
020 |a 978-84-9148-737-1 
035 |a 22401 
040 |a vLex 
090 |c 8303  |d 8303 
100 1 |a Mateos y de Cabo, Oscar Ignacio 
245 1 2 |a La exclusin̤ social  |h [Recurso electrn̤ico] :  |b estudio comparado desde la perspectiva jurd̕ica laboral y constitucional /  |c Oscar Ignacio Mateos y de Cabo 
256 |a Servicio en ln̕ea 
260 |a Madrid:  |b Dykinson,  |c 2018 
300 |a 1 recurso electrn̤ico 
500 |a La problemt̀ica y el anl̀isis de la exclusin̤ social constituyen una de las principales preocupaciones y retos actuales y, a la vez, una de las principales cuestiones que aborda la Unin̤ Europea, dentro de la denominada “Estrategia Europa 2020”. La trascedencia y relieve de este tema hacen que est ̌presente en las agendas nacionales e internacionales de los principales actores institucionales y polt̕icos, debido a las repercusiones que la exclusin̤ social tiene sobre todo Estado que persiga, como meta y orientacin̤, su cualificacin̤ como Estado social y democrt̀ico. La monografa̕ que el lector tiene ahora en sus manos, cuenta con un especial atractivo e interš, por las aportaciones que recoge de los dos autores, que reflexionaron sobre esta cuestin̤ en el marco del I Congreso Internacional sobre la exclusin̤ social: situacin̤ actual desde el Derecho Comparado, que ha servido como foro de debate sobre las causas de la exclusin̤ social, de los colectivos ms̀ vulnerables, y de las medidas jurd̕ico-laborales de prevencin̤ y de solucin̤ de la exclusin̤ social, tanto en el m̀bito espaǫl estatal y autonm̤ico, como en el europeo e iberoamericano. La presente obra colectiva se centra en el anl̀isis interdisciplinar, llevado a cabo por expertos laboralistas y constitucionalistas, tanto espaǫles como forǹeos, de las medidas jurd̕ico-laborales contra la exclusin̤ social en el marco del Estado social y democrt̀ico de Derecho. La monografa̕ que ahora ve la luz constituye una publicacin̤ de extraordinaria utilidad y absoluta actualidad para los profesionales y estudiosos de esta materia. 
506 1 |a Disponible solo en los productos indicados  |d vLex Global  |d vLex Global (Academic Edition, excluding Law Schools)  |d vLex Global (U.S. Academic Edition, Law Schools)  |d vLex Global (U.S. Academic Edition, excluding Law Schools)  |d vLex Global (Academic Edition, Law Schools) 
650 0 4 |a Derecho Laboral y Seguridad Social  |z Espaą 
650 0 4 |a Derecho Constitucional  |z Espaą 
740 0 |a vLex Libros (Servicio en ln̕ea) 
856 4 0 |u http://vlex.com/source/exclusion-social-estudio-comparado-desde-la-perspectiva-juridica-laboral-y-constitucional-22401  |z Acceso restringido 
942 |c BOOK 
999 0 |a Labor Law and Social Security 
999 0 |a Constitutional Law